|
|
|
|
| LEADER |
00892nas a2200253 i 4500 |
| 003 |
GR-PaULI |
| 008 |
770923d19749999grezr p 0 b0fre d |
| 952 |
|
|
|0 0
|1 0
|2 ddc
|4 0
|6 370_000000000000000
|7 1
|9 219100
|a LISP
|b LISP
|c SER
|d 2018-01-19
|i 2828
|l 0
|o 370
|r 2018-01-19 00:00:00
|w 2018-01-19
|y JNL
|
| 999 |
|
|
|c 132611
|d 132611
|
| 022 |
|
|
|2
|a 0395-4501
|l 0395-4501
|
| 035 |
|
|
|a
|
| 040 |
|
|
|a GR-PaULI
|b gre
|c GR-PaULI
|e AACR2
|
| 082 |
|
4 |
|2 23
|a 370
|
| 222 |
|
0 |
|a
|
| 245 |
0 |
0 |
|a DSA :Documents service adolescence
|c
|
| 260 |
|
|
|a Paris :
|b M. Jean Gelamur
|
| 300 |
|
|
|a τ. ;
|c 29 εκ.
|
| 310 |
|
|
|a 'Αγνωστη
|
| 362 |
0 |
|
|a 'Αρχισε με το τεύχος 4 (1974) .
|
| 588 |
|
|
|a Η περιγραφή βασίζεται στο τεύχος 9 (1977).
|
| 650 |
|
0 |
|a Education
|v Periodicals
|9 166583
|
| 866 |
|
|
|a Νο. 4 (1974)-no. 9 (1977)
|
| 942 |
|
|
|2 ddc
|c JNL
|
| 998 |
|
|
|c ΙΩΑΝΝΟΥ
|d 2018-01
|